Elenca la formazione - Quiz n°153 - Statistics

Statistiche generali
  • Questo quiz è stato fatto 71 volte
  • Il punteggio medio è 10 su 11
Statistiche sulle risposte
Ruolo Nazione Calciatore % Corretto
Attaccante Italia Ciro Immobile
100%
Centrocampista Serbia Sergej Milinković-Savić
98%
Difensore Romania Ștefan Radu
95%
Centrocampista Spagna Luis Alberto
92%
Portiere Albania Thomas Strakosha
92%
Difensore Brasile Luiz Felipe
88%
Difensore Italia Francesco Acerbi
84%
Attaccante Argentina Joaquín Correa
81%
Centrocampista Bosnia ed Erzegovina Senad Lulić
81%
Centrocampista Brasile Lucas Leiva
72%
Centrocampista Italia Manuel Lazzari
67%
Nessun quiz corrispondente trovato
Distribuzione punteggi
Percentuale di utenti per punteggio
Percentile per numero di risposta
I tuoi punteggi nel tempo
Non hai fatto questo quiz